OPAC Home

Memoirs of Zehir-Ed-Din Muhammed Baabur (Record no. 90467)

MARC details
000 -LEADER
fixed length control field 00502nam a2200193Ia 4500
003 - CONTROL NUMBER IDENTIFIER
control field LK-CoDNM
005 - DATE AND TIME OF LATEST TRANSACTION
control field 20240816155754.0
008 - FIXED-LENGTH DATA ELEMENTS--GENERAL INFORMATION
fixed length control field 010623t1921 xxu||||| |||| 00| 1 eng d
040 ## - CATALOGING SOURCE
Original cataloging agency LK-CoDNM
Modifying agency LK-CoDNM
Description conventions LK-CoDNM
041 ## - LANGUAGE CODE
Language code of text/sound track or separate title English
080 ## - UNIVERSAL DECIMAL CLASSIFICATION NUMBER
Universal Decimal Classification number 9
Item number X13
942 ## - ADDED ENTRY ELEMENTS (KOHA)
Koha item type Books
100 ## - MAIN ENTRY--PERSONAL NAME
Personal name Erskine,William
700 ## - ADDED ENTRY--PERSONAL NAME
Personal name King,Lucas
Relator term editor
700 ## - ADDED ENTRY--PERSONAL NAME
Personal name Leyden,John
Relator term editor
245 ## - TITLE STATEMENT
Title Memoirs of Zehir-Ed-Din Muhammed Baabur
260 ## - PUBLICATION, DISTRIBUTION, ETC. (IMPRINT)
Name of publisher, distributor, etc. Humphrey Milford
Place of publication, distribution, etc. London
Date of publication, distribution, etc. 1921
300 ## - PHYSICAL DESCRIPTION
Other physical details 471p. : map ; 18 cm
Holdings
Withdrawn status Lost status Damaged status Not for loan Collection code Permanent Location Current Location Shelving location Date acquired Full call number Barcode Koha item type
    Damaged   Old Books Collection Library National Museum Colombo - Sri Lanka Library National Museum Colombo - Sri Lanka Reference 2024-08-16 9 X13 OB5593 Books
Copyright © 2023 Department of National Museum, Colombo 07, Sri Lanka Funded by UNESCO IFAP UNESCO